New directions in health psychology / (Record no. 63539)

MARC details
000 -LEADER
fixed length control field 01207nam a22003137a 4500
005 - DATE AND TIME OF LATEST TRANSACTION
control field 20120228104658.0
008 - FIXED-LENGTH DATA ELEMENTS--GENERAL INFORMATION
fixed length control field 120228t xxu||||| |||| 00| 0 eng d
010 ## - LCCN (DPL NO)
LC control number ENG-104818
020 ## - INTERNATIONAL STANDARD BOOK NUMBER
International Standard Book Number 9788132107552
Terms of availability 995.00
035 ## - SYSTEM CONTROL NUMBER
System control number EN-88351
037 ## - SOURCE OF ACQUISITION
Source of stock number/acquisition DBAD/PUB
040 ## - CATALOGING SOURCE
Original cataloging agency DPL
Language of cataloging Eng
082 ## - DEWEY DECIMAL CLASSIFICATION NUMBER
Classification number 362.10954
100 ## - MAIN ENTRY--PERSONAL NAME
9 (RLIN) 43126
245 ## - TITLE STATEMENT
Title New directions in health psychology /
Statement of responsibility, etc edited by Ajit K. Dalal [and] Girishwar Misra
260 ## - PUBLICATION, DISTRIBUTION, ETC. (IMPRINT)
Place of publication, distribution, etc New Delhi
Name of publisher, distributor, etc Sage Publications
Date of publication, distribution, etc 2012
270 ## - ADDRESS
Address B1/I-1 Mohan Cooperative industrial Area, Mathura Road
City New Delhi
Postal code 110044
300 ## - PHYSICAL DESCRIPTION
Extent xviii,484p.
Dimensions 22cm(Hb)
500 ## - GENERAL NOTE
General note Includes bibliographical references and index.
650 ## - SUBJECT ADDED ENTRY--TOPICAL TERM
Topical term or geographic name as entry element Mind and body
9 (RLIN) 43127
Geographic subdivision India.
650 ## - SUBJECT ADDED ENTRY--TOPICAL TERM
Topical term or geographic name as entry element Health
General subdivision Psychological aspects
9 (RLIN) 43128
650 ## - SUBJECT ADDED ENTRY--TOPICAL TERM
Topical term or geographic name as entry element Health attitudes
Geographic subdivision India.
9 (RLIN) 43129
650 ## - SUBJECT ADDED ENTRY--TOPICAL TERM
Topical term or geographic name as entry element Well-being
Geographic subdivision India.
9 (RLIN) 43130
650 ## - SUBJECT ADDED ENTRY--TOPICAL TERM
Topical term or geographic name as entry element Philosophy, Indic.
9 (RLIN) 43131
700 ## - ADDED ENTRY--PERSONAL NAME
Personal name Dalal, Ajit K.
9 (RLIN) 43132
700 ## - ADDED ENTRY--PERSONAL NAME
Personal name Misra, Girishwar,
Dates associated with a name 1951-
9 (RLIN) 43133
942 ## - ADDED ENTRY ELEMENTS (KOHA)
Source of classification or shelving scheme Dewey Decimal Classification
Item type English Books
Classification part 362.10954
Call number suffix NEW
Holdings
Withdrawn status Lost status Source of classification or shelving scheme Damaged status Not for loan Collection code Home library Current library Date acquired Source of acquisition Cost, normal purchase price Total Checkouts Full call number Barcode Date last seen Copy number Cost, replacement price Koha item type
    Dewey Decimal Classification   Not For Loan Non-fiction D.B.Act.Division D.B.Act.Division 28/02/2012 DBAD/PUB 995.00   362.10954 NEW EN-88351 28/02/2012 1 995.00 English Books

© Delhi Public Library
Hit Counter
free hit counter